000 00645nam a2200241 a 4500
005 20140310183453.0
008 041108s19uu xx 00 eng d
050 _aHF 5548.4
_b.C932 2008
100 _aCrisostomo, Conchita
245 _aSpreadsheets. /
_cConchita Camba Crisostomo.
250 _a5th ed.
260 _aManila, Philippines :
_b3K-IT Educational Services,
_c2008.
300 _a142 p. :
_bill. ;
_c23 cm.
521 _aIT
650 _aSpreadsheets (computer program).
942 _cBK
_2lcc
_kLOC
999 _c23517
_d23517